| 000 | 00719nas a2200217 a 4500 | ||
|---|---|---|---|
| 001 | 000488505 | ||
| 003 | AM-YeHGA | ||
| 005 | 20251017150717.0 | ||
| 008 | 060516c19469999sy |r|p 0 0arm d | ||
| 040 | _aAM-YeHGA | ||
| 041 | 0 | _aarm | |
| 222 | 0 | _aՍևան | |
| 245 | 0 | 0 |
_aՍևան : _bՊարբերագիրք գրականութեան և արվեստի / _cՀալեպահայ ուսուցչական մ-թյուն. |
| 260 |
_aՀալէպ : _bԱ.հ., _c1946-. |
||
| 300 | _aհամար. | ||
| 362 | 0 | _a1946- | |
| 650 | 0 | 4 | _aԱմսագիր |
| 650 | 1 | 4 |
_aԳրականություն _xԱրվեստ _vՊարբերականներ |
| 710 | 2 | _aՀալեպահայ ուսուցչական միություն | |
| 942 |
_2udc _cCR |
||
| 999 |
_c179851 _d179851 |
||